[Event "Miedzynarodowy Turniej Szachowy Szachowe"]
[Site "WSUS Poznan, ul. Glogowska"]
[Date "2013.??.17"]
[Round "5.1"]
[White "Malaniuk, Vladimir P"]
[Black "Swiatek, Bartosz"]
[Result "1-0"]
[WhiteElo "2529"]
[BlackElo "2065"]
[PlyCount "102"]
[EventDate "2013.??.??"]

1. d4 Nf6 2. Nf3 g6 3. c3 Bg7 4. Bg5 h6 5. Bh4 O-O 6. Nbd2 d6 7. e4 c5 8. dxc5
dxc5 9. Bc4 Nc6 10. O-O Nd7 11. Qc2 Nde5 12. Nxe5 Nxe5 13. Be2 g5 14. Bg3 Bf6
15. Rfd1 Qb6 16. Bxe5 Bxe5 17. Bc4 Qc7 18. h3 Bd7 19. a4 g4 20. hxg4 Bxg4 21.
f3 Bh5 22. Nf1 Rad8 23. Qf2 Kh7 24. Qh4 Bg6 25. Ne3 Bf6 26. Qf2 e6 27. Be2 Bg5
28. Nc4 Bf6 29. Qh4 Bg5 30. Qh3 f5 31. e5 Bf4 32. Rxd8 Rxd8 33. Qh4 Bg5 34. Qg3
f4 35. Qe1 Rd5 36. Bf1 Bc2 37. a5 a6 38. Rc1 Bg6 39. Rd1 Qd8 40. Rxd5 exd5 41.
Nd6 Qxa5 42. Qd2 d4 43. Bd3 c4 44. Nxc4 Qa1+ 45. Kh2 dxc3 46. bxc3 Kg7 47. Bxg6
Kxg6 48. Qd3+ Kh5 49. Qe4 Qf1 50. Nd6 Qf2 51. Nf5 b5 1-0

[Event "Miedzynarodowy Turniej Szachowy Szachowe"]
[Site "WSUS Poznan, ul. Glogowska"]
[Date "2013.??.??"]
[Round "5.2"]
[White "Bartkowiak, Damian"]
[Black "Bajerlein, Dawid"]
[Result "1-0"]
[WhiteElo "2152"]
[BlackElo "2099"]
[PlyCount "67"]
[EventDate "2013.??.??"]

1. d4 Nf6 2. c4 c5 3. d5 e5 4. Nc3 d6 5. e4 Be7 6. g3 O-O 7. Bg2 Nbd7 8. Nge2
a6 9. a4 Nb8 10. Qd3 g6 11. Bh6 Nh5 12. h4 Nf6 13. f3 Kh8 14. O-O-O Bd7 15. Kc2
b5 16. axb5 axb5 17. Nxb5 Bxb5 18. cxb5 c4 19. Qd2 Qa5 20. Qxa5 Rxa5 21. Nc3
Nfd7 22. Bf1 Nb6 23. Be3 Bd8 24. Be2 Bc7 25. f4 f6 26. fxe5 fxe5 27. Rhf1 Kg8
28. Rxf8+ Kxf8 29. Rf1+ Kg8 30. Bg4 h5 31. Be6+ Kh7 32. Rf8 Ra1 33. Rf7+ Kh8
34. Rxc7 1-0

[Event "Miedzynarodowy Turniej Szachowy Szachowe"]
[Site "WSUS Poznan, ul. Glogowska"]
[Date "2013.??.??"]
[Round "5.3"]
[White "Zakrzewski, Marek"]
[Black "Niekras, Dawid"]
[Result "1-0"]
[WhiteElo "2126"]
[BlackElo "1971"]
[PlyCount "67"]
[EventDate "2013.??.??"]

1. e4 e5 2. Nf3 Nc6 3. d4 exd4 4. Nxd4 Nf6 5. Nxc6 bxc6 6. e5 Qe7 7. Qe2 Nd5 8.
c4 Ba6 9. b3 g6 10. f4 f6 11. Ba3 Qf7 12. Qd2 Nb6 13. c5 Bxf1 14. cxb6 Ba6 15.
bxc7 fxe5 16. Qa5 Qxf4 17. Qxa6 Bxa3 18. Nxa3 Qe3+ 19. Kd1 Qd4+ 20. Kc2 Qe4+
21. Kb2 Qxg2+ 22. Nc2 O-O 23. Rhf1 Rfc8 24. Qc4+ Qd5 25. Qxd5+ cxd5 26. Ne3
Rxc7 27. Nxd5 Rc5 28. Nf6+ Kg7 29. Nxd7 Rd5 30. Rad1 Rxd1 31. Rxd1 Rd8 32. Kc2
e4 33. Nc5 Rf8 34. Ne6+ 1-0

[Event "Miedzynarodowy Turniej Szachowy Szachowe"]
[Site "WSUS Poznan, ul. Glogowska"]
[Date "2013.??.??"]
[Round "5.4"]
[White "Niedbala, Wojciech"]
[Black "Weglarz, Leszek"]
[Result "0-1"]
[WhiteElo "1790"]
[BlackElo "2224"]
[PlyCount "66"]
[EventDate "2013.??.??"]

1. e4 c5 2. Nf3 Nc6 3. Bb5 Na5 4. O-O a6 5. Be2 Nf6 6. e5 Nd5 7. b3 Nf4 8. d4
Nxe2+ 9. Qxe2 cxd4 10. Bb2 e6 11. Bxd4 Nc6 12. Bb2 Be7 13. Nbd2 O-O 14. Ne4 f6
15. Rad1 Qc7 16. exf6 gxf6 17. Nd4 d5 18. Nxc6 bxc6 19. Qg4+ Kh8 20. Ng5 e5 21.
Qg3 Bd6 22. f4 fxg5 23. Qxg5 Qg7 24. Qh4 Bc5+ 25. Kh1 Bd4 26. Rxd4 exd4 27. b4
Bf5 28. Rd1 Qg4 29. Qe1 Rae8 30. Qd2 Re4 31. Re1 Rfe8 32. Rf1 Kg8 33. Bxd4 Re2
0-1

[Event "Miedzynarodowy Turniej Szachowy Szachowe"]
[Site "WSUS Poznan, ul. Glogowska"]
[Date "2013.??.17"]
[Round "5.5"]
[White "Stachowiak, Slawomir"]
[Black "Chojnacki, Tomasz"]
[Result "0-1"]
[WhiteElo "2000"]
[BlackElo "1883"]
[PlyCount "97"]
[EventDate "2013.??.??"]

1. e4 c6 2. d4 d5 3. exd5 cxd5 4. Bd3 Nc6 5. c3 Nf6 6. Nf3 Bg4 7. O-O e6 8. Qb3
Qc7 9. Ne5 Bd6 10. f4 g6 11. Qa4 a6 12. Bb5 O-O 13. Nxg4 Nxg4 14. Be2 Nf6 15.
Qd1 Ne4 16. g3 b5 17. a3 Na5 18. Bd3 Qc6 19. Be3 Nc4 20. Qe2 Rfc8 21. Ra2 Bf8
22. Nd2 Ncxd2 23. Bxd2 Rab8 24. Bxe4 dxe4 25. b4 Bg7 26. Re1 f5 27. Rd1 Qd5 28.
Be1 Rc4 29. a4 a5 30. axb5 axb4 31. cxb4 Rxd4 32. Rxd4 Bxd4+ 33. Kg2 e3+ 34.
Kh3 Rxb5 35. Qg2 Qc4 36. Rc2 Qd5 37. Rc8+ Kg7 38. Rc7+ Kh6 39. Qe2 e5 40. Rc4
Rb7 41. Qd3 Rd7 42. fxe5 Qf3 43. Rc2 g5 44. Qe2 g4+ 45. Kh4 Bxe5 46. Bc3 Qxe2
47. Bxe5 Qxc2 48. Bf4+ Kg6 49. h3 0-1

[Event "Miedzynarodowy Turniej Szachowy Szachowe"]
[Site "WSUS Poznan, ul. Glogowska"]
[Date "2013.??.??"]
[Round "5.6"]
[White "Rozumek, Krzysztof"]
[Black "Glatty, Zbigniew"]
[Result "0-1"]
[WhiteElo "1975"]
[BlackElo "1915"]
[PlyCount "142"]
[EventDate "2013.??.??"]

1. e4 e5 2. Nf3 Nc6 3. Bc4 Bc5 4. b4 Bb6 5. a4 a6 6. c3 Qf6 7. O-O h6 8. d4 d6
9. a5 Ba7 10. d5 Nce7 11. Be2 Ng6 12. Be3 Nf4 13. Kh1 Nxe2 14. Qxe2 Qe7 15. b5
axb5 16. Qxb5+ Qd7 17. c4 Bxe3 18. fxe3 Nf6 19. Qb2 O-O 20. Nbd2 Qg4 21. Qc2
Nd7 22. Nb3 Nb8 23. Nfd2 Na6 24. Rf3 Bd7 25. Raf1 c5 26. R1f2 Nb4 27. Qb1 Qh4
28. Qf1 Qh5 29. Kg1 f6 30. Rg3 Kh7 31. h3 Rf7 32. Rgf3 Raf8 33. g4 Qg6 34. Rf5
Re7 35. Kh2 Rd8 36. R5f3 Kg8 37. Qe2 Rf7 38. Rg3 Kf8 39. h4 Ke7 40. Qf3 Rh8 41.
Qe2 h5 42. g5 Bg4 43. Nf3 fxg5 44. hxg5 Qxe4 45. Nbd2 Qg6 46. Qf1 Rhf8 47. Rgg2
e4 48. Ne1 Qxg5 49. Rxf7+ Rxf7 50. Rf2 Qh4+ 51. Kg1 Qg3+ 52. Ng2 Bf3 53. Nxe4
Qg4 54. Nd2 Bxd5 55. cxd5 Rxf2 56. Kxf2 Nxd5 57. Qb5 Qd7 58. Qc4 Qf5+ 59. Nf3
Nf6 60. Qb3 Ne4+ 61. Ke2 Qxf3+ 62. Kxf3 Nd2+ 63. Ke2 Nxb3 64. Nf4 Nxa5 65. Nxh5
Kf7 66. Nf4 g5 67. Nd5 Ke6 68. Nc7+ Ke5 69. Na8 Nc4 70. Nc7 g4 71. Nb5 d5 0-1

[Event "Miedzynarodowy Turniej Szachowy Szachowe"]
[Site "WSUS Poznan, ul. Glogowska"]
[Date "2013.??.17"]
[Round "5.7"]
[White "Pawlowski, Rafal"]
[Black "Kozlowska, Marzena"]
[Result "1/2-1/2"]
[WhiteElo "1531"]
[BlackElo "1921"]
[PlyCount "86"]
[EventDate "2013.??.??"]

1. d4 d6 2. c4 g6 3. Nc3 Bg7 4. e4 Nd7 5. Nf3 e5 6. d5 a6 7. Be2 Qe7 8. Qc2 Nh6
9. Be3 O-O 10. h3 f5 11. Bg5 Nf6 12. O-O-O Nf7 13. Be3 fxe4 14. Nd2 Bd7 15.
Ndxe4 b5 16. c5 dxc5 17. Bxc5 Nd6 18. Rhe1 Rfb8 19. b4 a5 20. a3 axb4 21. Bxb4
Qf8 22. Nc5 Qf7 23. Bd3 Nh5 24. Ne2 Bh6+ 25. Kb1 Kh8 26. Ng1 Bg7 27. Nf3 e4 28.
Bxe4 Nc4 29. Qb3 Bf5 30. Ng5 Bxe4+ 31. Ngxe4 Nf4 32. d6 Nxd6 33. Nxd6 Qxb3+ 34.
Nxb3 cxd6 35. g3 Nxh3 36. f4 Nf2 37. Rd2 Ng4 38. Rxd6 Rd8 39. Red1 Re8 40. Nc5
Ne3 41. Re1 Nc4 42. Ree6 Rxe6 43. Rxe6 Bb2 1/2-1/2

[Event "Miedzynarodowy Turniej Szachowy Szachowe"]
[Site "WSUS Poznan, ul. Glogowska"]
[Date "2013.??.??"]
[Round "5.8"]
[White "Przybylak, Lukasz"]
[Black "Bednarska-bzdega, Malgorzata"]
[Result "1-0"]
[WhiteElo "1871"]
[BlackElo "2115"]
[PlyCount "73"]
[EventDate "2013.??.??"]

1. e4 Nf6 2. e5 Nd5 3. d4 d6 4. c4 Nb6 5. exd6 exd6 6. Nc3 Be7 7. Nf3 Bg4 8. h3
Bh5 9. Be3 O-O 10. Bd3 Nc6 11. O-O Bf6 12. g4 Bg6 13. Ne2 Bxd3 14. Qxd3 d5 15.
c5 Nc4 16. g5 Nxe3 17. fxe3 Bxg5 18. Nxg5 Qxg5+ 19. Kh2 Ne7 20. Rf4 Qg6 21. Qb3
b6 22. Rg4 Qc6 23. Rag1 g6 24. Qc3 Nf5 25. Qd3 Qe6 26. Nf4 Qc8 27. Nxd5 Kg7 28.
e4 Nh6 29. Rh4 Ng8 30. Qg3 c6 31. Ne3 Qb8 32. e5 Qc8 33. Ng4 Qd7 34. Rxh7+ Kxh7
35. Qh4+ Kg7 36. Nf6 Nxf6 37. exf6+ 1-0

[Event "Miedzynarodowy Turniej Szachowy Szachowe"]
[Site "WSUS Poznan, ul. Glogowska"]
[Date "2013.??.17"]
[Round "5.9"]
[White "Pawlicki, Dariusz"]
[Black "Maksimenko, Andrei Jr"]
[Result "1/2-1/2"]
[WhiteElo "1688"]
[BlackElo "1961"]
[PlyCount "68"]
[EventDate "2013.??.??"]

1. d4 Nf6 2. c4 c5 3. e3 cxd4 4. exd4 d5 5. c5 b6 6. b4 bxc5 7. bxc5 e5 8. Bb5+
Bd7 9. Bxd7+ Qxd7 10. dxe5 Ne4 11. Be3 Bxc5 12. Bxc5 Nxc5 13. Ne2 Nc6 14. O-O
Nxe5 15. Qd4 Qd6 16. f4 Ned7 17. Qxg7 Qf6 18. Qxf6 Nxf6 19. Nbc3 Rd8 20. Nd4
Nfe4 21. Ncb5 Rd7 22. Rf3 a6 23. Nc3 O-O 24. Nxe4 dxe4 25. Rg3+ Kh8 26. Nb3 Nd3
27. Re3 f5 28. g3 Rc8 29. Re2 h5 30. h3 Nb4 31. g4 hxg4 32. hxg4 Rg7 33. g5 Nd3
34. Rh2+ Rh7 1/2-1/2

[Event "Miedzynarodowy Turniej Szachowy Szachowe"]
[Site "WSUS Poznan, ul. Glogowska"]
[Date "2013.??.??"]
[Round "5.10"]
[White "Kaczmarek, Piotr"]
[Black "Opolski, Wojciech"]
[Result "1-0"]
[WhiteElo "1872"]
[BlackElo "1683"]
[PlyCount "59"]
[EventDate "2013.??.??"]

1. c4 c6 2. g3 d5 3. Bg2 e5 4. b3 Nf6 5. e3 Be7 6. Ne2 Bf5 7. O-O O-O 8. Bb2
Nbd7 9. h3 dxc4 10. bxc4 Bd3 11. Nbc3 Bxc4 12. d3 Ba6 13. d4 exd4 14. exd4 Nb6
15. Re1 Bb4 16. Qb3 Ba5 17. Red1 Re8 18. Bf3 Qd7 19. Kg2 Nc4 20. Bc1 Qf5 21.
Bf4 g5 22. g4 Qg6 23. Bg3 Rad8 24. Rac1 Nd5 25. Nxd5 cxd5 26. Nc3 Rd7 27. Nxd5
Nd2 28. Qa4 Red8 29. Qxa5 Qh6 30. Ne7+ 1-0

[Event "Miedzynarodowy Turniej Szachowy Szachowe"]
[Site "WSUS Poznan, ul. Glogowska"]
[Date "2013.??.??"]
[Round "5.11"]
[White "Kozlowski, Tomasz"]
[Black "Chojnowski, Robert"]
[Result "1-0"]
[WhiteElo "1978"]
[BlackElo "1640"]
[PlyCount "56"]
[EventDate "2013.??.??"]

1. e4 e6 2. d4 d5 3. Nd2 c5 4. exd5 exd5 5. Ngf3 Nf6 6. Bb5+ Bd7 7. Bxd7+ Nbxd7
8. O-O Be7 9. dxc5 Nxc5 10. Nd4 O-O 11. N2f3 h6 12. Nf5 Nce4 13. N3d4 Bc5 14.
Be3 Re8 15. c3 a6 16. Qf3 Kh7 17. Rad1 Bxd4 18. Rxd4 Qd7 19. Rfd1 Re5 20. Ng3
Nxg3 21. hxg3 b5 22. Rf4 Qe6 23. Bd4 Re1+ 24. Rxe1 Qxe1+ 25. Kh2 Ne4 26. Rxf7
Rg8 27. Qf5+ Kh8 28. Rxg7 Rxg7 1-0

[Event "Miedzynarodowy Turniej Szachowy Szachowe"]
[Site "WSUS Poznan, ul. Glogowska"]
[Date "2013.??.??"]
[Round "5.12"]
[White "Meczynski, Waldemar"]
[Black "Jarmuzek, Karolina"]
[Result "0-1"]
[WhiteElo "2159"]
[BlackElo "1664"]
[PlyCount "76"]
[EventDate "2013.??.??"]

1. e4 c5 2. Nf3 Nc6 3. d4 cxd4 4. Nxd4 Nf6 5. Nc3 d6 6. Bc4 e6 7. Bb3 Be7 8.
O-O O-O 9. Be3 Bd7 10. f4 Nxd4 11. Bxd4 Bc6 12. Qe2 b5 13. Nxb5 Bxb5 14. Qxb5
Nxe4 15. f5 d5 16. fxe6 fxe6 17. Rxf8+ Bxf8 18. Qc6 Nd6 19. Rf1 Rc8 20. Qa6 Kh8
21. Qxa7 Nb5 22. Qb6 Nxd4 23. Rxf8+ Qxf8 24. Qxd4 Qf6 25. Qe3 Rf8 26. h3 h6 27.
c4 Qf1+ 28. Kh2 dxc4 29. Bc2 Qf4+ 30. Qxf4 Rxf4 31. Kg3 g5 32. b4 c3 33. b5 Rb4
34. a4 Rb2 35. Bd1 c2 36. Bxc2 Rxc2 37. a5 Rb2 38. b6 Rb5 0-1

[Event "Miedzynarodowy Turniej Szachowy Szachowe"]
[Site "WSUS Poznan, ul. Glogowska"]
[Date "2013.??.??"]
[Round "5.13"]
[White "Miedzinski, Marek"]
[Black "Pietrucha, Jaroslaw"]
[Result "0-1"]
[WhiteElo "1613"]
[BlackElo "1823"]
[PlyCount "100"]
[EventDate "2013.??.??"]

1. e4 e5 2. f4 exf4 3. Nf3 d6 4. Bc4 Be7 5. O-O Nf6 6. Nc3 O-O 7. d4 Nc6 8.
Bxf4 Bg4 9. a3 Nxe4 10. Nd5 Nf6 11. Nxe7+ Nxe7 12. Bg5 Ng6 13. h3 h6 14. Bxf6
Bxf3 15. Qxf3 Qxf6 16. Qxf6 gxf6 17. Rxf6 Kg7 18. Raf1 Nh8 19. R1f3 Rae8 20.
Kf2 Re7 21. Bd3 d5 22. c4 dxc4 23. Bxc4 Rd8 24. R6f4 Red7 25. Ke3 Re8+ 26. Kd3
Ree7 27. h4 Ng6 28. Rg4 h5 29. Rg5 f6 30. Rgg3 Re1 31. Kd2 Re4 32. Rxg6+ Kxg6
33. Bd3 Rdxd4 34. Kc3 Rxd3+ 35. Kxd3 Rxh4 36. b4 Rg4 37. g3 h4 38. gxh4 Rxh4
39. Ke3 f5 40. Kf2 Kf6 41. Rd3 Rc4 42. Kf3 Ke5 43. Re3+ Kd6 44. Rd3+ Kc6 45.
Rb3 Kb5 46. Rd3 Ka4 47. Ke3 Re4+ 48. Kf3 a6 49. Rc3 c6 50. Kg3 f4+ 0-1

[Event "Miedzynarodowy Turniej Szachowy Szachowe"]
[Site "WSUS Poznan, ul. Glogowska"]
[Date "2013.??.??"]
[Round "5.14"]
[White "Raczynski, Krzysztof"]
[Black "Sklepinski, Artur"]
[Result "1/2-1/2"]
[WhiteElo "1595"]
[BlackElo "1772"]
[PlyCount "98"]
[EventDate "2013.??.??"]

1. f4 f5 2. Nf3 Nf6 3. e3 g6 4. b3 Bg7 5. Bb2 O-O 6. Be2 b6 7. O-O Bb7 8. Qe1
e6 9. d3 Nc6 10. Nbd2 Nd5 11. Bxg7 Kxg7 12. Bd1 Qf6 13. d4 Nc3 14. Nc4 Nxd1 15.
Rxd1 d6 16. a4 Rad8 17. Qc3 a5 18. Na3 Rf7 19. Qb2 Nb4 20. c4 h6 21. Nc2 Nxc2
22. Qxc2 Be4 23. Qe2 g5 24. g3 Qg6 25. Kf2 Qh5 26. Ke1 Rfd7 27. Nd2 Qxe2+ 28.
Kxe2 Bb7 29. d5 g4 30. dxe6 Re7 31. Kf2 Rxe6 32. Nb1 Be4 33. Rd2 Rde8 34. Nc3
Bf3 35. Re1 c6 36. h3 h5 37. h4 Kf6 38. Rd3 Ke7 39. Ne2 Bxe2 40. Rxe2 Kd7 41.
Ke1 Ra8 42. Ra2 Kc7 43. Kd2 Rae8 44. Rc2 Kb7 45. Rd4 Kc7 46. Rc1 Rd8 47. Rd3
Kb7 48. Ra1 Re4 49. Re1 Rd7 1/2-1/2

[Event "Miedzynarodowy Turniej Szachowy Szachowe"]
[Site "WSUS Poznan, ul. Glogowska"]
[Date "2013.??.??"]
[Round "5.15"]
[White "Nawrocki, Arkadiusz"]
[Black "Szymanski, Leszek"]
[Result "1/2-1/2"]
[WhiteElo "1576"]
[BlackElo "1750"]
[PlyCount "88"]
[EventDate "2013.??.??"]

1. d4 Nf6 2. Nf3 e6 3. Bf4 d5 4. e3 Bd6 5. Bxd6 Qxd6 6. Nbd2 O-O 7. Bd3 Nbd7 8.
O-O c5 9. c3 c4 10. Be2 b5 11. b3 Bb7 12. a4 a6 13. b4 Ng4 14. h3 Nh6 15. Nh4
g5 16. Nhf3 g4 17. hxg4 Nxg4 18. g3 f5 19. Nh2 h5 20. Nxg4 hxg4 21. Kg2 Kg7 22.
f3 gxf3+ 23. Bxf3 Rh8 24. axb5 axb5 25. Rxa8 Bxa8 26. Rh1 Qb8 27. Rh4 Nb6 28.
Qh1 Qd8 29. Rxh8 Qxh8 30. Qh4 Qxh4 31. gxh4 Na4 32. Nb1 Bc6 33. Kg3 Be8 34. Kf4
Kf6 35. Be2 Nb6 36. Na3 Nc8 37. Nb1 Ne7 38. h5 Nc6 39. Nd2 e5+ 40. dxe5+ Nxe5
41. Nf3 Nd3+ 42. Kg3 Bxh5 43. Nd4 Bxe2 44. Nxe2 Ke6 1/2-1/2

[Event "Miedzynarodowy Turniej Szachowy Szachowe"]
[Site "WSUS Poznan, ul. Glogowska"]
[Date "2013.??.??"]
[Round "5.16"]
[White "Gajzner, Ryszard"]
[Black "Wittig, Zenon"]
[Result "1/2-1/2"]
[WhiteElo "1747"]
[BlackElo "1541"]
[PlyCount "70"]
[EventDate "2013.??.??"]

1. d4 d5 2. c4 e6 3. g3 g6 4. Bg2 c6 5. cxd5 exd5 6. Nf3 Bg7 7. Bg5 Nf6 8. Nc3
h6 9. Bf4 O-O 10. O-O Bf5 11. Qb3 Qb6 12. Qa3 Nbd7 13. Rac1 Rfe8 14. b4 Ne4 15.
Be3 Nd6 16. Qb3 Nc4 17. Na4 Qb5 18. Rfe1 a5 19. Nc3 Qxb4 20. Nd1 Be4 21. Kf1
Qxb3 22. axb3 Nxe3+ 23. fxe3 Bf8 24. Nc3 Bb4 25. Kf2 Nf6 26. h3 Re7 27. Red1
Rae8 28. Ne5 Bxg2 29. Kxg2 Nd7 30. Nxd7 Rxd7 31. Rd3 Ree7 32. Kf3 Re6 33. Na4
Rf6+ 34. Kg2 Re6 35. Kf3 Rf6+ 1/2-1/2

[Event "Miedzynarodowy Turniej Szachowy Szachowe"]
[Site "WSUS Poznan, ul. Glogowska"]
[Date "2013.??.17"]
[Round "5.17"]
[White "Hoffmann, Piotr"]
[Black "Lisiecki, Robert"]
[Result "1/2-1/2"]
[WhiteElo "1725"]
[BlackElo "1426"]
[PlyCount "91"]
[EventDate "2013.??.??"]

1. Nc3 Nc6 2. d4 d5 3. Nf3 Bg4 4. h3 Bh5 5. g4 Bg6 6. Nh4 Nf6 7. Bg2 e6 8. Nxg6
hxg6 9. Bf4 a6 10. a3 Bd6 11. Bg5 Qd7 12. Qd2 Na5 13. e4 Nxe4 14. Nxe4 dxe4 15.
Bxe4 Qb5 16. Qe3 Be7 17. Bf4 Qb6 18. O-O Nc4 19. c3 Nd6 20. Bg2 O-O-O 21. Qe2
g5 22. Bg3 Ne8 23. d5 Bd6 24. Bxd6 Rxd6 25. c4 exd5 26. Bxd5 Nf6 27. Bg2 Qb3
28. Qe3 Qxe3 29. fxe3 Re8 30. Rae1 Rd2 31. e4 Re7 32. Rf5 Rxb2 33. e5 Nd7 34.
Rxg5 g6 35. e6 Nf8 36. Rge5 Rxe6 37. Bd5 Rxe5 38. Rxe5 Ne6 39. Bxe6+ fxe6 40.
Rxe6 Rb3 41. Kg2 g5 42. Re5 Rb2+ 43. Kf3 Rb3+ 44. Re3 Rb6 45. Ke4 c5 46. Kd3
1/2-1/2

[Event "Miedzynarodowy Turniej Szachowy Szachowe"]
[Site "WSUS Poznan, ul. Glogowska"]
[Date "2013.??.??"]
[Round "5.19"]
[White "Kiwilsza, Piotr"]
[Black "Kus, Aleksander"]
[Result "1-0"]
[WhiteElo "1751"]
[BlackElo "1452"]
[PlyCount "65"]
[EventDate "2013.??.??"]

1. e4 e5 2. Nf3 Nc6 3. Bb5 a6 4. Bxc6 dxc6 5. O-O Qd6 6. h3 Nf6 7. Nc3 c5 8. d3
h6 9. Nh2 Bd7 10. Qe2 O-O-O 11. f4 Be7 12. Nf3 Qb6 13. Nxe5 c4+ 14. d4 Be8 15.
Nxc4 Qxd4+ 16. Be3 Qd7 17. Rad1 Qc6 18. Rxd8+ Bxd8 19. Ne5 Qe6 20. Rd1 Nd7 21.
Qd3 Bf6 22. Nxd7 Bxd7 23. e5 Be7 24. Qd4 b6 25. Qd3 a5 26. Qa6+ Kb8 27. Nd5 Bc6
28. Nxc7 Bb7 29. Nxe6 Bxa6 30. Nxg7 Rg8 31. Nf5 Bd8 32. Nxh6 Rf8 33. Nxf7 1-0

[Event "Miedzynarodowy Turniej Szachowy Szachowe"]
[Site "WSUS Poznan, ul. Glogowska"]
[Date "2013.??.??"]
[Round "5.20"]
[White "Nowaczyk, Mikolaj"]
[Black "Niemier, Hubert"]
[Result "1-0"]
[WhiteElo "1646"]
[BlackElo "1372"]
[PlyCount "96"]
[EventDate "2013.??.??"]

1. e4 c6 2. d4 d5 3. Nc3 dxe4 4. Nxe4 Nd7 5. Nf3 Ngf6 6. Ng3 Nb6 7. Be2 Bg4 8.
O-O e6 9. h3 Bxf3 10. Bxf3 Bd6 11. Qd3 O-O 12. c4 Qc7 13. c5 Bxg3 14. cxb6 axb6
15. fxg3 Qxg3 16. Be3 Rfd8 17. Bf2 Qc7 18. Bh4 Ra4 19. Qb3 Ra5 20. Rad1 Rb5 21.
Qc3 Rd7 22. Bxf6 gxf6 23. Be2 Rbd5 24. Rxf6 c5 25. Rc1 Rxd4 26. Rf3 Kf8 27. Rd3
Rxd3 28. Bxd3 Qf4 29. Bxh7 Qh6 30. Bc2 Qf4 31. Rf1 Qg5 32. Bb3 Rd2 33. Qf3 Qe7
34. Qe3 Rd6 35. Qh6+ Ke8 36. Ba4+ Kd8 37. Qh8+ Kc7 38. Qg7 Rd4 39. Rxf7 Qxf7
40. Qxf7+ Kb8 41. Qxe6 Ka7 42. Bb3 Rh4 43. Kh2 Rh7 44. g4 Rc7 45. a4 c4 46.
Bxc4 Rc6 47. Qg8 Rxc4 48. g5 Rc6 1-0

[Event "Miedzynarodowy Turniej Szachowy Szachowe"]
[Site "WSUS Poznan, ul. Glogowska"]
[Date "2013.??.??"]
[Round "5.22"]
[White "Hoffmann, Kacper"]
[Black "Kostecki, Samuel"]
[Result "0-1"]
[WhiteElo "1584"]
[BlackElo "1497"]
[PlyCount "116"]
[EventDate "2013.??.??"]

1. e4 c5 2. Nc3 Nc6 3. g3 e6 4. Bg2 d6 5. f4 g6 6. d3 Bg7 7. Be3 Nge7 8. Nf3
Nd4 9. O-O O-O 10. Rb1 Nec6 11. Ne2 f5 12. c3 Nxf3+ 13. Bxf3 e5 14. Qd2 Be6 15.
a3 d5 16. Bxc5 dxe4 17. Bxf8 exf3 18. Bxg7 fxe2 19. Qxe2 Kxg7 20. fxe5 Qb6+ 21.
Qf2 Qxf2+ 22. Rxf2 Nxe5 23. Re2 Kf6 24. d4 Nf3+ 25. Kg2 Bd5 26. Kf2 Nxh2 27.
Rbe1 Nf3 28. Rd1 Be4 29. Re3 Ng5 30. Rde1 Re8 31. Rh1 Re6 32. Rf1 Rb6 33. Rb1
h5 34. c4 Rc6 35. b3 a5 36. Rc3 Rc7 37. b4 Bd5 38. Re1 Ne4+ 39. Rxe4 fxe4 40.
c5 a4 41. b5 Kg7 42. c6 b6 43. Re3 Kf6 44. Kg2 Ke7 45. Kh3 g5 46. Re1 Kd6 47.
g4 h4 48. Rf1 Rf7 49. Rc1 Kc7 50. Rc2 Rf3+ 51. Kh2 e3 52. Rc1 Rf2+ 53. Kh3 Bg2+
54. Kh2 h3 55. d5 Rd2 56. d6+ Rxd6 57. Rc2 Rd2 58. Rc4 e2 0-1

[Event "Miedzynarodowy Turniej Szachowy Szachowe"]
[Site "WSUS Poznan, ul. Glogowska"]
[Date "2013.??.??"]
[Round "5.24"]
[White "Nowak, Mikolaj"]
[Black "Nowak, Adam"]
[Result "1-0"]
[WhiteElo "1613"]
[BlackElo "1352"]
[PlyCount "77"]
[EventDate "2013.??.??"]

1. e4 d6 2. d4 Nf6 3. Bd3 g6 4. c3 Bg7 5. Bf4 Nh5 6. Bg3 Nxg3 7. hxg3 c5 8. d5
h5 9. Nd2 Nd7 10. Qa4 a6 11. Ngf3 Rb8 12. Rh4 b5 13. Qc2 c4 14. Be2 Bb7 15. a4
Bf6 16. Rh2 Qb6 17. axb5 axb5 18. b3 cxb3 19. Qxb3 b4 20. Nc4 Bxc3+ 21. Qxc3
bxc3 22. Nxb6 Nxb6 23. Rc1 Rc8 24. g4 f5 25. gxf5 gxf5 26. exf5 Bxd5 27. Nd4
Bf7 28. f6 e5 29. Nb5 Kd7 30. Rxc3 Rxc3 31. Nxc3 Ke6 32. g4 Kxf6 33. gxh5 Nc8
34. Bf3 Ne7 35. Ne4+ Ke6 36. h6 Ng8 37. h7 Nf6 38. Rh6 Ke7 39. Nxf6 1-0

[Event "Miedzynarodowy Turniej Szachowy Szachowe"]
[Site "WSUS Poznan, ul. Glogowska"]
[Date "2013.??.??"]
[Round "5.29"]
[White "Gajewski, Zbigniew"]
[Black "Piechocki, Bronislaw"]
[Result "1-0"]
[WhiteElo "1439"]
[BlackElo "1533"]
[PlyCount "113"]
[EventDate "2013.??.??"]

1. e4 d6 2. c4 Nf6 3. Nc3 g6 4. d4 Bg7 5. Nf3 O-O 6. Be2 c5 7. d5 a6 8. O-O
Nbd7 9. Qc2 Ne5 10. Bf4 Nxf3+ 11. Bxf3 Nd7 12. Be2 Rb8 13. Rab1 Nf6 14. Bg3 Bd7
15. f4 b5 16. b3 bxc4 17. bxc4 Rxb1 18. Rxb1 Qc7 19. Qb3 Bg4 20. e5 Bxe2 21.
exf6 Bxf6 22. Nxe2 Qa5 23. Be1 Qd8 24. Qb6 Qd7 25. Qb3 Qg4 26. Qf3 Qf5 27. Rb3
Qc2 28. a4 Qxc4 29. a5 Qc2 30. Qd3 Qa2 31. Qc4 h5 32. h3 h4 33. Kh2 Kg7 34. Nc1
Qa1 35. Bc3 Bxc3 36. Qxc3+ Qxc3 37. Rxc3 Rb8 38. Rb3 Rc8 39. Rb6 Ra8 40. Nd3 c4
41. Nb4 c3 42. Rc6 Rb8 43. Nxa6 Rb5 44. Rxc3 Rxa5 45. Nc7 Ra4 46. Re3 Kf8 47.
g3 Ra2+ 48. Kg1 hxg3 49. Rxg3 Rc2 50. Nb5 Rc5 51. Nc3 Kg7 52. Re3 Rc7 53. Kg2
Kf6 54. Kg3 Kf5 55. Nb5 Rc5 56. Rxe7 f6 57. Nxd6# 1-0